000
00289nam a2200109Ia 4500
008
230907s9999||||xx |||||||||||||| ||und||
082
_a
6.74
_b
DEA
100
_a
Dean, John,
_9
115860
245
0
_a
Web programming with HTML5, CSS, and JavaScript /
300
_a
xx, 678 pages ;
942
_c
BK
999
_c
599997
_d
599997